<Der> Lomé-Handel der Europäischen Gemeinschaften
Gespeichert in:
| 1. Verfasser: | |
|---|---|
| Format: | Buch |
| Sprache: | Deutsch |
| Veröffentlicht: |
Frankfurt am Main
Lang
1988
|
| Ausgabe: | 1. Aufl. |
| Schlagworte: | |
| Tags: |
Keine Tags, Fügen Sie das erste Tag hinzu!
|
MARC
| LEADER | 00000nam a2200000 4500 | ||
|---|---|---|---|
| 001 | c000570 | ||
| 005 | 20221219111735.7 | ||
| 020 | |a 3-8204-1446-0 | ||
| 041 | 0 | |a ger | |
| 044 | |a DE | ||
| 245 | 1 | 0 | |a <Der> Lomé-Handel der Europäischen Gemeinschaften |c Rupert Krietemeyer |
| 250 | |a 1. Aufl. | ||
| 264 | 1 | |a Frankfurt am Main |b Lang |c 1988 | |
| 300 | |a 232 s. | ||
| 610 | 2 | 0 | |a Európske spoločenstvá |
| 610 | 2 | 0 | |a obchod zahraničný |
| 610 | 2 | 0 | |a neoklasicizmus |
| 610 | 2 | 0 | |a teórie ekonomické |
| 610 | 2 | 0 | |a politika obchodná |
| 610 | 2 | 0 | |a spolupráca hospodárska medzinárodná |
| 610 | 2 | 0 | |a EHS |
| 610 | 2 | 0 | |a Lomská dohoda |
| 610 | 2 | 0 | |a obchod svetový |
| 100 | 1 | |a Krietemeyer, Rupert | |